000
00305nam a22001097a 4500
008
230621b xxu||||| |||| 00| 0 eng d
082
_a
328.3
_b
HOR
245
_a
Corporate Plan
_b
1 July 1990 to 30 June 1991
260
_b
Office of the Clerk of the House of Representatives
300
_a
21p
942
_2
ddc
_c
BK
999
_c
2220
_d
2220